000 01901nam a2200505 i 4500
001 15174
003 KOSZ 005
005 20210430150010.0
008 200403s1972 pl a f 001 0 pol
015 _aUWD 1973/2318
035 _a991032583859705066
035 _a(PL-WaBN)b18741228-48omnis_nlop
035 _ab18741228
035 _a(OCoLC)802066600
035 _a(PL)b0000001874122
035 _a(EXLNZ-48OMNIS_NETWORK)9910489225405606
040 _aWA N
_cWA N
_dKOSZ 005/RW
041 1 _apol
_hfre
046 _k1967
080 _a621.375
100 1 _aBensasson, A.
_eAutor
245 1 0 _aWzmacniacze pasmowe :
_banaliza i obliczanie /
_cA. Bensasson ; tłumaczenie Wojciech Skulimowski.
246 1 _iTytuł oryginału:
_aAnalyse et calcul des amplificateurs hautefréquence
260 _aWarszawa :
_bWydawnictwa Naukowo-Techniczne,
_c1972.
300 _a475, [1] stron, [1] karta tablic :
_bilustracje ;
_c25 cm.
336 _aTekst
_btxt
_2rdacontent
337 _aBez urządzenia pośredniczącego
_bn
_2rdamedia
338 _aWolumin
_bnc
_2rdacarrier
380 _aKsiążki
380 _aPublikacje fachowe
380 _aPublikacje dydaktyczne
388 _a1901-2000
388 _a1945-1989
504 _aBibliografia przy rozdziałach oraz na stronie [467]. Indeks.
521 8 _aKsiążka jest przeznaczona dla inżynierów elektroników oraz może być pomocna dla studentów elektroniki wyższych szkół technicznych.
650 7 _aWzmacniacz
_2DBN
650 7 _aFiltry elektryczne
655 7 _aPodręcznik
658 _aInżynieria i technika
700 1 _aSkulimowski, Wojciech
_eTłumaczenie
710 2 _aWydawnictwa Naukowo-Techniczne
_4pbl
856 _uhttp://koha.tu.koszalin.pl/cgi-bin/koha/opac-detail.pl?biblionumber=15174
_yKatalog online BPK
942 _2UKD
_cKS
999 _c15174
_d15174